Interkom 4 /

Guardado en:
Detalles Bibliográficos
Autor principal: Fischer, Benedikt (autor)
Otros autores: Tinnefeld, Marie-Theres (autor) (autor), Juchem, Roland (autor) (autor)
Formato: Libro
Idioma:Alemán
Publicado: Munich, Alemania : Institut für Kommunikation und Medien, Hochschule für Philosophie, 1988, c1988
Temas:
Etiquetas: Agrega una etiqueta
Sin etiquetas, Sé el primero en etiquetar este registro!

MARC

LEADER 00000nam^a2200000^a^4500
001 000318332
005 20250521000000.0
009 20260310113410.816
025 |a Donación Jesús Vergara Aceves, 1 ejemplar 
037 |a Acervo Xavier Clavigero 
041 |a ALE 
082 |a 302. 201  |b FIS 
100 |a Fischer, Benedikt  |e (autor) 
245 1 0 |a Interkom 4 /  |c B. Fischer, M.T. Tinnefeld, R. Juchem. 
264 4 |a Munich, Alemania :  |b Institut für Kommunikation und Medien, Hochschule für Philosophie,  |c 1988, c1988 
300 |a 57 p. 
336 |a texto  |b txt  |2 rdacontenido 
337 |a sin mediación  |b n  |2 rdamedio 
338 |a volumen  |b nc  |2 rdasoporte 
649 |a XX 
650 |a Cine -  |x Aspectos Sociales y Culturales 
650 |a Medios de Comunicación -  |x Aspectos Sociales y Culturales 
650 |a Protección de Datos 
650 |a Derecho a la Información 
650 |a Comunicación -  |x Tema Principal 
700 |a Tinnefeld, Marie-Theres  |e (autor) 
700 |a Juchem, Roland  |e (autor) 
910 |a Fondo Jesús Vergara Aceves S.J. 
920 |a Impresos - Libros 
930 |a Fondos Especiales 
905 |a 119 
901 |a 0500205562  |b IT2  |c ESP  |i D  |u 20250521 
902 |a https://opac.biblio.iteso.mx/vufind/Record/000318332